Mass Media in the Classroom / (Record no. 6960)
[ view plain ]
| 000 -LEADER | |
|---|---|
| fixed length control field | 00557nam a2200217 a 4500 |
| 001 - CONTROL NUMBER | |
| JCCL Control Number | 6960 |
| 003 - CONTROL NUMBER IDENTIFIER | |
| JCCL marc code | BD-JhCC |
| 005 - DATE AND TIME OF LATEST TRANSACTION | |
| control field | 20180203101624.0 |
| 008 - FIXED-LENGTH DATA ELEMENTS--GENERAL INFORMATION | |
| fixed length control field | 180203s1968 e |||| || | 001 0 eng d |
| 035 ## - SYSTEM CONTROL NUMBER | |
| system control number | (BD-JhCC)6960 |
| 040 ## - CATALOGING SOURCE | |
| Original cataloging agency | BD-JhCC |
| Modifying agency | BD-JhCC |
| 041 ## - LANGUAGE CODE | |
| Language code of Book | eng |
| 082 ## - DEWEY DECIMAL CLASSIFICATION NUMBER | |
| Classification number | 371.330942 |
| Author mark and Year | FIR 1968 |
| 100 ## - MAIN ENTRY--PERSONAL NAME | |
| Personal name | Firth, Brian |
| 245 ## - TITLE STATEMENT | |
| Title | Mass Media in the Classroom / |
| Statement of responsibility, etc | Brian Firth, |
| 260 ## - PUBLICATION, DISTRIBUTION, ETC. (IMPRINT) | |
| Place of publication, distribution, etc | London : |
| Name of publisher, distributor, etc | Macmillan and Co Ltd, |
| Date of publication, distribution, etc | 1968 |
| 300 ## - PHYSICAL DESCRIPTION | |
| Pagination | 127 p. : |
| Dimensions | 22 cm. |
| 650 ## - SUBJECT ADDED ENTRY--TOPICAL TERM | |
| Topical term or geographic name as entry element | Mass Media in Education |
| 942 ## - ADDED ENTRY ELEMENTS (KOHA) | |
| Source of classification or shelving scheme | Dewey Decimal Classification |
| Koha item type | Books |
| Source of classification or shelving scheme | Damaged status | Not for loan | Home library | Current library | Shelving location | Date of accession | Total Checkouts | Full call number | Barcode | Date last seen | Copy number | Koha item type |
|---|---|---|---|---|---|---|---|---|---|---|---|---|
| Dewey Decimal Classification | JCC Rouf Library | JCC Rouf Library | General Stacks | 02/03/2018 | 371.330942 FIR 1968 | 8861 | 02/03/2018 | C-1 | Books |